[Event "AUTO-OPEN-4632"]
[Site "http://www.queenalice.com/game.php?id=1867424"]
[Date "2025.12.29"]
[Round "1"]
[White "WHUSIRO"]
[Black "maurice916"]
[Result "1-0"]
[WhiteElo "1972"]
[BlackElo "2077"]

1. e4 c6 2. d4 d5 3. exd5 cxd5 4. h3 Nc6 5. c3 Nf6 6. Bd3 e5 7. dxe5 Nxe5 8. Qe2
Qe7 9. Bb5+ Nc6 10. Be3 Bd7 11. Nf3 g6 12. O-O Bg7 13. Re1 O-O 14. b4 Rfe8 15.
Nbd2 Rac8 16. Rac1 a6 17. Bd3 Qf8 18. Qd1 h6 19. a4 Nh7 20. Nb3 g5 21. Nc5 Rc7
22. b5 Nb8 23. Bxh7+ Kxh7 24. Qd3+ Kh8 25. Qxd5 axb5 26. Red1 Bc8 27. axb5 Kh7
28. c4 Nd7 29. Nxd7 Rxd7 30. Qf5+ Kh8 31. Rxd7 Bxd7 32. Qd3 Be6 33. c5 Rd8 34.
Qe2 Rc8 35. c6 bxc6 36. bxc6 Bd5 37. c7 Qe7 38. Qc2 Bxf3 39. gxf3 Be5 40. Bb6
Bd6 41. Qc3+ f6 42. Re1 Qf7 43. Rc1 Qd7 44. Qxf6+ Kh7 45. Kg2 Bxc7 46. Qc3 Qd6
47. Bxc7 Qd7 48. Qc2+ Kg7 49. Be5+ Kg8 50. Qxc8+ 1-0

[Event "AUTO-OPEN-4632"]
[Site "http://www.queenalice.com/game.php?id=1867451"]
[Date "2025.12.29"]
[Round "1"]
[White "pizzaiolo72"]
[Black "WHUSIRO"]
[Result "1-0"]
[WhiteElo "2045"]
[BlackElo "2038"]

1. e4 c5 2. Nf3 d6 3. d4 cxd4 4. Nxd4 Nc6 5. Be3 Nf6 6. Nc3 e5 7. Nb3 Be7 8. h4
Bg4 9. f3 Bd7 10. Qd2 a6 11. g4 h6 12. O-O-O Nh7 13. Nd5 Bxh4 14. Nb6 Be7 15.
Nxa8 Qxa8 16. g5 Nxg5 17. Bxg5 Bxg5 18. Qxg5 1-0

[Event "AUTO-OPEN-4632"]
[Site "http://www.queenalice.com/game.php?id=1867452"]
[Date "2025.12.29"]
[Round "1"]
[White "WHUSIRO"]
[Black "pizzaiolo72"]
[Result "0-1"]
[WhiteElo "1978"]
[BlackElo "2060"]

1. e4 Nf6 2. e5 Nd5 3. Nf3 d6 4. exd6 exd6 5. Bc4 Be6 6. Bb3 g6 7. O-O Bg7 8.
Re1 O-O 9. d3 Qd7 10. c4 Nb6 11. Nc3 Nc6 12. Be3 a5 13. a4 Nb4 14. Rb1 Bg4 15.
h3 Bxf3 16. Qxf3 Nxd3 17. Red1 Nxb2 18. Nd5 Nxd1 19. Nxb6 cxb6 20. Rxd1 Qc6 21.
Qe2 Rfe8 22. Qd3 Rad8 23. Qd2 h5 24. Kh1 Kh7 25. Kg1 Re4 26. Qd3 f5 27. Qd5 Qxd5
28. cxd5 Rb4 29. Bc2 Rc8 0-1

[Event "AUTO-OPEN-4632"]
[Site "http://www.queenalice.com/game.php?id=1867471"]
[Date "2025.12.29"]
[Round "1"]
[White "WHUSIRO"]
[Black "Magnaroc"]
[Result "0-1"]
[WhiteElo "1923"]
[BlackElo "1895"]

1. e4 e5 2. Nf3 Nc6 3. Bb5 Nf6 4. O-O d6 5. h3 Bd7 6. d3 a6 7. Bc4 Be7 8. c3 O-O
9. Be3 Na5 10. Bb3 Nxb3 11. Qxb3 Bc6 12. Nbd2 Qc8 13. Rfd1 h6 14. Nf1 Bd7 15.
Ng3 b5 16. Rac1 Bxh3 17. gxh3 Qxh3 18. Nh2 Ng4 19. Nxg4 Qxg4 20. Kg2 Bh4 21. Rh1
Bxg3 22. fxg3 Qe2+ 23. Bf2 Qxd3 24. Qc2 Qc4 25. b3 Qe6 26. Rcd1 f5 27. Qe2 fxe4
28. Qxe4 a5 29. Qd5 Qxd5+ 30. Rxd5 Rab8 31. Rf1 a4 32. b4 Rfd8 33. Rfd1 Kf7 34.
a3 Ke6 35. R5d2 d5 36. Re1 e4 37. Bd4 g6 38. Rf1 Rf8 39. Rdf2 Rxf2+ 40. Rxf2 Rg8
41. Rf6+ Kd7 42. Kf2 h5 43. Rf7+ Kd6 44. Ke3 c6 45. Kf4 Ke6 46. Rf6+ Kd7 47. Kg5
Kc7 48. Rxg6 Re8 49. Be3 Re5+ 50. Kh4 Rf5 51. Rg5 Rf3 52. Bd4 Rf1 53. Kxh5 Ra1
54. Rf5 Rxa3 55. Rf2 Ra1 56. c4 Rh1+ 57. Kg5 bxc4 58. g4 Rd1 59. Bb2 e3 60. Rf7+
Kb6 61. Re7 d4 62. Kf4 c3 63. Bxc3 dxc3 64. Kxe3 Re1+ 0-1

[Event "AUTO-OPEN-4632"]
[Site "http://www.queenalice.com/game.php?id=1867472"]
[Date "2025.12.29"]
[Round "1"]
[White "Magnaroc"]
[Black "WHUSIRO"]
[Result "1/2-1/2"]
[WhiteElo "1612"]
[BlackElo "1992"]

1. e4 c5 2. Nf3 d6 3. Bb5+ Bd7 4. Bxd7+ Nxd7 5. O-O Ngf6 6. Nc3 g6 7. d4 Bg7 8.
dxc5 Nxc5 9. Re1 O-O 10. Bg5 h6 11. Bxf6 Bxf6 12. e5 dxe5 13. Nxe5 e6 14. Qxd8
Raxd8 15. Rad1 a6 16. b4 Bxe5 17. Rxe5 Nd7 18. Ree1 Nf6 19. Rxd8 Rxd8 20. Rd1
Rxd1+ 1/2-1/2

[Event "AUTO-OPEN-4634"]
[Site "http://www.queenalice.com/game.php?id=1868023"]
[Date "2026.1.15"]
[Round "1"]
[White "ChessColossos"]
[Black "WHUSIRO"]
[Result "0-1"]
[WhiteElo "1633"]
[BlackElo "1893"]

1. e4 c5 2. Nf3 d6 3. Bb5+ Bd7 4. Bxd7+ Nxd7 5. O-O Ngf6 6. Nc3 g6 7. Re1 Bg7 8.
d3 O-O 9. Bg5 h6 10. Bxf6 Nxf6 11. Rb1 a6 12. a4 Qd7 13. Ra1 b5 14. axb5 axb5
15. Qe2 Nh5 16. Qd2 b4 17. Rxa8 Rxa8 18. Nd1 Ra2 19. b3 Qa7 20. g4 Nf6 21. h3
Nd7 22. Kg2 Qa5 23. Kg1 Qa3 24. Kg2 Ra1 25. Ng1 Ra2 26. Qe2 Qc1 27. Ne3 Qb2 28.
Nf3 Bd4 29. Nxd4 cxd4 30. Nd5 Kf8 31. Nxb4 Ra8 0-1

[Event "AUTO-OPEN-4634"]
[Site "http://www.queenalice.com/game.php?id=1868024"]
[Date "2026.1.15"]
[Round "1"]
[White "WHUSIRO"]
[Black "ChessColossos"]
[Result "1-0"]
[WhiteElo "1887"]
[BlackElo "1639"]

1. e4 e5 2. Nf3 Nc6 3. Bb5 a6 4. Ba4 Nf6 5. d3 b5 6. Bb3 Be7 7. O-O d6 8. c3 O-O
9. Bg5 h6 10. Bh4 Bg4 11. h3 Bxf3 12. Qxf3 Na5 13. Bc2 Nc6 14. Bg3 Re8 15. Nd2
Nh7 16. Bb3 Ng5 17. Qe2 Na5 18. Bc2 c5 19. f4 exf4 20. Bxf4 Ne6 21. Bg3 Nc6 22.
Qf2 Rf8 23. Bd1 Bf6 24. Rc1 a5 25. Bf3 b4 26. Nc4 Be5 27. Nxe5 dxe5 28. Bg4 Nc7
29. Be2 1-0

[Event "AUTO-OPEN-4634"]
[Site "http://www.queenalice.com/game.php?id=1868049"]
[Date "2026.1.15"]
[Round "1"]
[White "Magnaroc"]
[Black "WHUSIRO"]
[Result "1-0"]
[WhiteElo "1887"]
[BlackElo "1960"]

1. e4 c5 2. Nf3 d6 3. Bb5+ Bd7 4. Bxd7+ Nxd7 5. O-O Ngf6 6. Nc3 g6 7. d4 cxd4 8.
Nxd4 Bg7 9. Re1 O-O 10. a4 a6 11. h3 Rc8 12. Bg5 h6 13. Bxf6 Nxf6 14. Nf3 Re8
15. Ra3 Nd7 16. Re3 e6 17. Rb3 Nc5 18. Ra3 Qb6 19. b3 Qb4 20. Nb1 e5 21. Nfd2 b5
22. c3 Qa5 23. b4 Qb6 24. bxc5 dxc5 25. axb5 axb5 26. c4 b4 27. Ra2 h5 28. Qa4
Red8 29. Re2 Bh6 30. Qb3 Rc6 31. Nf3 Bg7 32. Rab2 Rcd6 33. Red2 Bh6 34. Rxd6
Rxd6 35. Nbd2 f6 36. Kf1 Qd8 37. Ke2 Rd3 38. Qxd3 1-0

[Event "AUTO-OPEN-4634"]
[Site "http://www.queenalice.com/game.php?id=1868050"]
[Date "2026.1.15"]
[Round "1"]
[White "WHUSIRO"]
[Black "Magnaroc"]
[Result "1-0"]
[WhiteElo "1899"]
[BlackElo "1752"]

1. e4 e5 2. Nf3 Nc6 3. Bb5 Nf6 4. O-O Be7 5. Re1 d6 6. c3 Bd7 7. d4 exd4 8. cxd4
O-O 9. Bxc6 Bxc6 10. d5 Bd7 11. Nc3 a6 12. Bg5 h6 13. Bh4 Bg4 14. Qd3 Nh5 15.
Bxe7 Qxe7 16. e5 Nf4 17. Qe3 Ng6 18. exd6 Qxe3 19. Rxe3 cxd6 20. Rae1 Bxf3 21.
Rxf3 Rfe8 22. Rfe3 Rxe3 23. Rxe3 Kf8 24. g3 Ne5 25. f4 Nc4 26. Re2 Re8 27. Rxe8+
Kxe8 28. b3 Nb6 29. Kf2 Ke7 30. Ke3 Kd7 31. g4 f6 32. h4 Ke7 33. Ke4 Nd7 34. Kf5
Nf8 35. h5 Kd7 36. a4 Kc7 37. Ke4 Kb6 38. Kd4 Kc7 39. Ne2 Kd8 40. Ng3 g6 41. Ne4
Ke7 42. Ng3 gxh5 43. gxh5 Nd7 44. b4 Nb6 45. a5 Nc8 46. Nf5+ Kf7 47. Nxh6+ Kg7
48. Nf5+ Kh7 49. Kc4 Kg8 50. b5 axb5+ 51. Kxb5 Kf7 52. a6 bxa6+ 53. Kxa6 1-0

[Event "AUTO-OPEN-4634"]
[Site "http://www.queenalice.com/game.php?id=1868067"]
[Date "2026.1.15"]
[Round "1"]
[White "WHUSIRO"]
[Black "IranSilva"]
[Result "0-1"]
[WhiteElo "1992"]
[BlackElo "2235"]

1. e4 e5 2. Nf3 Nf6 3. Nxe5 d6 4. Nf3 Nxe4 5. d4 d5 6. Bd3 Be7 7. O-O O-O 8. c4
c6 9. cxd5 cxd5 10. Nc3 Nxc3 11. bxc3 Qc7 12. Bb2 Nc6 13. Re1 Bg4 14. h3 Bh5 15.
Rb1 Bf6 16. Bf5 Na5 17. g4 Bg6 18. Bxg6 hxg6 19. Nd2 Rac8 20. Qf3 Qc6 21. Kg2
Bg5 22. Nb3 Nc4 23. Bc1 Bxc1 24. Rbxc1 b6 25. Re2 g5 26. Nd2 Nxd2 27. Qd3 Nc4
0-1

[Event "AUTO-OPEN-4634"]
[Site "http://www.queenalice.com/game.php?id=1868068"]
[Date "2026.1.15"]
[Round "1"]
[White "IranSilva"]
[Black "WHUSIRO"]
[Result "1-0"]
[WhiteElo "2240"]
[BlackElo "1986"]

1. Nf3 c5 2. c4 g6 3. g3 Bg7 4. Bg2 Nf6 5. O-O O-O 6. Nc3 Nc6 7. d3 d6 8. Bg5 h6
9. Bd2 a6 10. Rb1 Bd7 11. a3 Rb8 12. b4 Nd4 13. Nxd4 cxd4 14. Ne4 Nxe4 15. Bxe4
e5 16. a4 Qc7 17. b5 axb5 18. axb5 b6 19. Ra1 Bc8 20. Ra4 Bb7 21. Ra7 Qc8 22.
Bxb7 Rxb7 23. Qa4 Rxa7 24. Qxa7 Qb8 25. Ra1 Bf6 26. Bxh6 Re8 27. e4 Qxa7 28.
Rxa7 Rb8 29. Bd2 Kg7 30. Bb4 1-0

[Event "AUTO-ADV-4913"]
[Site "http://www.queenalice.com/game.php?id=1868162"]
[Date "2026.1.19"]
[Round "1"]
[White "WHUSIRO"]
[Black "fbenevides2019"]
[Result "0-1"]
[WhiteElo "1980"]
[BlackElo "1889"]

1. e4 e5 2. Nf3 d6 3. h3 h6 4. Nc3 a6 5. d4 exd4 6. Nxd4 Nf6 7. Bd3 Qe7 8. Nf5
Bxf5 9. O-O Be6 10. f4 g6 11. Qf3 Nc6 12. Be3 O-O-O 13. e5 dxe5 14. fxe5 Nd5 15.
Nxd5 Bxd5 16. Qg4+ Be6 17. Qf3 Nxe5 18. Qf2 Nxd3 19. cxd3 Rxd3 20. Rfd1 Rxd1+
21. Rxd1 Bxa2 22. Bd4 Rg8 0-1

[Event "AUTO-ADV-4913"]
[Site "http://www.queenalice.com/game.php?id=1868163"]
[Date "2026.1.19"]
[Round "1"]
[White "fbenevides2019"]
[Black "WHUSIRO"]
[Result "1-0"]
[WhiteElo "1894"]
[BlackElo "1941"]

1. d4 Nf6 2. Nf3 e6 3. a3 c5 4. Qd3 Nc6 5. dxc5 Bxc5 6. h3 d5 7. b4 Be7 8. Nd4
e5 9. Nxc6 bxc6 10. Qg3 O-O 11. Bh6 Nh5 12. Qxe5 Nf6 13. Qg5 g6 14. Bxf8 Qxf8
15. Qe3 Be6 16. c3 a5 17. bxa5 Rxa5 18. Qb6 Rc5 19. a4 Qa8 20. Qc7 Bf8 21. Qf4
Bg7 22. Qe3 Ra5 23. Qd4 c5 24. Qd1 Ne4 25. Qc2 Qa7 26. e3 Bd7 27. Ra3 Bxa4 28.
Qa2 c4 29. Qb2 Rb5 30. Qxb5 Bxc3+ 31. Nxc3 Nxc3 32. Qe8+ 1-0

[Event "AUTO-ADV-4913"]
[Site "http://www.queenalice.com/game.php?id=1868165"]
[Date "2026.1.19"]
[Round "1"]
[White "silverado"]
[Black "WHUSIRO"]
[Result "1-0"]
[WhiteElo "1992"]
[BlackElo "1906"]

1. d4 Nf6 2. f3 e6 3. a3 c5 4. e3 d5 5. dxc5 Bxc5 6. b4 Be7 7. Bb2 a6 8. c4 dxc4
9. Qxd8+ Bxd8 10. Bxc4 O-O 11. Nh3 Bc7 12. O-O Bb6 13. Kf2 Bd8 14. Rd1 Nc6 15.
Nf4 Bc7 16. g3 Ne5 17. Nd2 Nxc4 18. Nxc4 b6 19. Rd2 Bb7 20. Bxf6 gxf6 21. Rd7
Rac8 22. Nxb6 1-0

[Event "AUTO-OPEN-4625"]
[Site "http://www.queenalice.com/game.php?id=1868843"]
[Date "2026.2.3"]
[Round "2"]
[White "IranSilva"]
[Black "WHUSIRO"]
[Result "1-0"]
[WhiteElo "2230"]
[BlackElo "1890"]

1. d4 d5 2. c4 dxc4 3. e4 b5 4. Nc3 a6 5. a4 Bd7 6. axb5 a5 7. Bxc4 e6 8. Nf3
Bb4 9. Bd2 Ne7 10. O-O O-O 11. Ne5 1-0

[Event "AUTO-OPEN-4625"]
[Site "http://www.queenalice.com/game.php?id=1868844"]
[Date "2026.2.3"]
[Round "2"]
[White "WHUSIRO"]
[Black "IranSilva"]
[Result "0-1"]
[WhiteElo "1893"]
[BlackElo "2228"]

1. e4 e5 2. Nf3 Nf6 3. Nc3 Nc6 4. b3 Be7 5. Bb2 d6 6. Bd3 Bg4 7. h3 Bxf3 8. gxf3
Nb4 9. Be2 Nh5 10. a3 Nc6 11. Nd5 Bg5 12. h4 Bh6 0-1

[Event "AUTO-ADV-4920"]
[Site "http://www.queenalice.com/game.php?id=1869542"]
[Date "2026.2.21"]
[Round "1"]
[White "WHUSIRO"]
[Black "EdsonEstevam"]
[Result "1-0"]
[WhiteElo "1934"]
[BlackElo "1787"]

1. e4 e5 2. Nf3 Nc6 3. Bb5 Nge7 4. c3 d6 5. d4 a6 6. Ba4 b5 7. Bc2 Ng6 8. d5 Na5
9. b3 Bg4 10. h3 Bxf3 11. Qxf3 Nh4 12. Qg4 h6 13. f4 h5 14. Qg3 exf4 15. Bxf4 g6
16. Bg5 Be7 17. Bxe7 Qxe7 18. Nd2 O-O-O 19. O-O-O f5 20. Rhe1 Rhg8 21. exf5 Qf6
22. fxg6 Nxg6 23. Qf3 Qxf3 24. gxf3 Nf4 25. Bf5+ Kb8 26. Re7 Nb7 27. b4 Rgf8 28.
Be6 Ne2+ 29. Kc2 h4 30. Re1 Nf4 31. Rg1 Nxe6 32. Rxe6 Rd7 33. Rg4 Nd8 34. Re3
Rh8 35. Nb3 Nf7 36. Nd4 Ne5 37. Nc6+ Kb7 38. Nxe5 dxe5 39. Rxe5 Rf7 40. f4 Kb6
41. Re6+ Kb7 42. Kd3 Rd7 43. Ke4 Rdd8 44. f5 Kc8 45. Rg7 Rhg8 46. f6 Rdf8 47.
Rxg8 Rxg8 48. f7 Rf8 49. Re8+ Kd7 50. Rxf8 Ke7 51. Ra8 Kxf7 52. Kf5 Ke7 53. Rxa6
1-0

[Event "AUTO-ADV-4920"]
[Site "http://www.queenalice.com/game.php?id=1869543"]
[Date "2026.2.21"]
[Round "1"]
[White "EdsonEstevam"]
[Black "WHUSIRO"]
[Result "0-1"]
[WhiteElo "1798"]
[BlackElo "1923"]

1. e4 c5 2. b3 d6 3. Bb2 Nf6 4. Nc3 e6 5. Nf3 Be7 6. Bb5+ Bd7 7. d3 a6 8. Bxd7+
Nbxd7 9. O-O O-O 10. h3 b5 11. a3 Rb8 12. Re1 e5 13. b4 Rc8 14. Nd5 Nxd5 15. c3
N5f6 16. bxc5 Nxc5 17. d4 Ncxe4 18. dxe5 dxe5 19. a4 Nxc3 20. Bxc3 Rxc3 21. Rxe5
Rc7 22. axb5 axb5 23. Rxb5 Qxd1+ 24. Rxd1 Rfc8 25. Rbd5 h6 26. R5d3 Kh7 27. Ne5
Kg8 28. g4 Rc1 29. Kg2 Rxd1 30. Rxd1 Kf8 31. f4 Rc2+ 32. Kf3 Ke8 33. h4 Rc3+ 34.
Ke2 Ba3 35. Re1 Kf8 36. Rb1 g6 37. Rb8+ Kg7 38. Rb7 Nd5 39. Rxf7+ Kg8 40. f5
Re3+ 41. Kf2 Rxe5 42. fxg6 h5 43. g5 Ne7 44. Rh7 Nxg6 45. Rxh5 Kg7 46. Kg3 Bc1
47. Rh6 Re4 48. h5 Nf8 49. Kf3 Ra4 0-1

[Event "AUTO-ADV-4920"]
[Site "http://www.queenalice.com/game.php?id=1869544"]
[Date "2026.2.21"]
[Round "1"]
[White "WHUSIRO"]
[Black "mvson33"]
[Result "1-0"]
[WhiteElo "1908"]
[BlackElo "1889"]

1. e4 c5 2. Nf3 Nc6 3. d4 cxd4 4. Nxd4 Nxd4 5. Qxd4 Qc7 6. Bd3 d6 7. O-O Nf6 8.
h3 g6 9. c3 Bg7 10. Qe3 O-O 11. f4 b6 12. Bd2 Bb7 13. Na3 Rac8 14. Nc2 Nd7 15.
h4 Nc5 16. Be2 Qc6 17. Bf3 Qc7 18. h5 Rfe8 19. f5 Nd7 20. h6 Bh8 21. fxg6 fxg6
22. Bg4 Rb8 23. Be6# 1-0

[Event "AUTO-ADV-4920"]
[Site "http://www.queenalice.com/game.php?id=1869545"]
[Date "2026.2.21"]
[Round "1"]
[White "mvson33"]
[Black "WHUSIRO"]
[Result "1/2-1/2"]
[WhiteElo "1888"]
[BlackElo "1909"]

1. Nf3 d5 2. d4 g6 3. e3 Bg7 4. c4 c6 5. cxd5 cxd5 6. Be2 e6 7. Nc3 a6 8. O-O
Ne7 9. Bd2 Bd7 10. Rc1 Nbc6 11. a3 O-O 12. Qc2 Rc8 13. Qb1 Re8 14. Na4 Na7 15.
Rxc8 Qxc8 16. Rc1 Qd8 17. Nc3 b5 18. Bd3 Qb8 19. Ne2 Rc8 20. Rxc8+ Qxc8 21. h3
Qc7 1/2-1/2

[Event "AUTO-ADV-4922"]
[Site "http://www.queenalice.com/game.php?id=1870102"]
[Date "2026.3.5"]
[Round "1"]
[White "shmurtz91"]
[Black "WHUSIRO"]
[Result "1-0"]
[WhiteElo "1948"]
[BlackElo "1944"]

1. d4 Nf6 2. Nf3 d5 3. c4 dxc4 4. Nc3 Bg4 5. Ne5 Be6 6. e4 Nbd7 7. Nxc4 g6 8. d5
Bg4 9. f3 b5 10. e5 Ng8 11. e6 Ndf6 12. exf7+ 1-0

[Event "AUTO-ADV-4922"]
[Site "http://www.queenalice.com/game.php?id=1870103"]
[Date "2026.3.5"]
[Round "1"]
[White "WHUSIRO"]
[Black "shmurtz91"]
[Result "0-1"]
[WhiteElo "1923"]
[BlackElo "1974"]

1. e4 d5 2. exd5 c6 3. dxc6 Nxc6 4. Nc3 e5 5. Bb5 Bd7 6. d3 a6 7. Ba4 Nf6 8. h3
h6 9. Be3 Qc7 10. Nf3 O-O-O 11. a3 g5 12. Qd2 Bg7 13. Bb3 e4 14. Nd4 Rhe8 15.
O-O-O Bf8 16. Rhe1 g4 17. h4 g3 18. Bf4 Bd6 19. fxg3 Nxd4 20. Bxf7 Re7 21. Ba2
Nh5 22. Bxd6 Qxd6 23. dxe4 Bg4 24. e5 Qd7 25. Ne2 Nxe2+ 0-1

[Event "AUTO-ADV-4922"]
[Site "http://www.queenalice.com/game.php?id=1870112"]
[Date "2026.3.5"]
[Round "1"]
[White "maurice916"]
[Black "WHUSIRO"]
[Result "1/2-1/2"]
[WhiteElo "1801"]
[BlackElo "1928"]

1. Nf3 d5 2. b3 Nf6 3. Bb2 g6 4. e3 Bg4 5. Be2 Bg7 6. O-O O-O 7. c4 c6 8. d4
Nbd7 9. Nbd2 Bxf3 10. Nxf3 Re8 11. Rc1 Qc7 12. cxd5 Nxd5 13. Re1 b6 14. a3 e5
15. dxe5 Nxe5 16. Nxe5 Bxe5 17. Bxe5 Rxe5 18. Bf3 Qb7 19. b4 b5 20. Qb3 Rc8 21.
Rc5 Qd7 22. Rd1 Qe6 23. Bxd5 cxd5 24. Rxc8+ Qxc8 25. h3 Qc4 26. Qb2 Qc7 1/2-1/2